<?xml version="1.0" encoding="UTF-8"?>
<collection xmlns="http://www.loc.gov/MARC21/slim">
 <record>
  <leader>01420nam a2200289   4500</leader>
  <controlfield tag="001">1/3645</controlfield>
  <controlfield tag="008">030321m19781980enkad    bi   001 0 eng  </controlfield>
  <datafield tag="020" ind1=" " ind2=" ">
   <subfield code="a">0582710847 (v. 1)</subfield>
  </datafield>
  <datafield tag="020" ind1=" " ind2=" ">
   <subfield code="a">0582710863 (v. 2)</subfield>
  </datafield>
  <datafield tag="035" ind1=" " ind2=" ">
   <subfield code="l">3865</subfield>
  </datafield>
  <datafield tag="040" ind1=" " ind2=" ">
   <subfield code="a">DLC</subfield>
   <subfield code="d">GR-PeUP</subfield>
  </datafield>
  <datafield tag="082" ind1="0" ind2="0">
   <subfield code="a">354.940084 PU</subfield>
  </datafield>
  <datafield tag="245" ind1="0" ind2="0">
   <subfield code="a">Public expenditures and social policy in Australia /</subfield>
   <subfield code="c">edited by R. B. Scotton, Helen Ferber.</subfield>
  </datafield>
  <datafield tag="260" ind1=" " ind2=" ">
   <subfield code="a">Melbourne :</subfield>
   <subfield code="b">Longman Cheshire Pty,</subfield>
   <subfield code="c">1978-1980.</subfield>
  </datafield>
  <datafield tag="300" ind1=" " ind2=" ">
   <subfield code="a">2 τ. (xv, 307; xviii, 408 σ.) :</subfield>
   <subfield code="b">εικ., πιν. ;</subfield>
   <subfield code="c">24 εκ.</subfield>
  </datafield>
  <datafield tag="490" ind1="1" ind2=" ">
   <subfield code="a">Monographs - Institute of Applied Economic and Social Research, University of Melbourne ;</subfield>
  </datafield>
  <datafield tag="504" ind1=" " ind2=" ">
   <subfield code="a">Περιέχει βιβλιογραφία και ευρετήριο.</subfield>
  </datafield>
  <datafield tag="505" ind1="0" ind2=" ">
   <subfield code="a">v.1. The Whitlam years, 1972-75 -- v.2. The first fraser years 1976-78.</subfield>
  </datafield>
  <datafield tag="651" ind1=" " ind2="0">
   <subfield code="a">Australia</subfield>
   <subfield code="x">Politics and government</subfield>
   <subfield code="y">1972-1975</subfield>
   <subfield code="x">Adresses, essays, lectures.</subfield>
  </datafield>
  <datafield tag="651" ind1=" " ind2="0">
   <subfield code="a">Australia</subfield>
   <subfield code="x">Social policy.</subfield>
  </datafield>
  <datafield tag="700" ind1="1" ind2=" ">
   <subfield code="a">Scotton, Richard Bailey,</subfield>
   <subfield code="e">ed.</subfield>
  </datafield>
  <datafield tag="700" ind1="1" ind2=" ">
   <subfield code="a">Ferber, Helen,</subfield>
   <subfield code="e">ed.</subfield>
  </datafield>
  <datafield tag="830" ind1=" " ind2=" ">
   <subfield code="a">Monographs - Institute of Applied Economic and Social Research, University of Melbourne ;</subfield>
   <subfield code="v">5.</subfield>
  </datafield>
  <datafield tag="852" ind1=" " ind2=" ">
   <subfield code="a">INST</subfield>
   <subfield code="b">UNIPILB</subfield>
   <subfield code="c">MAIN</subfield>
   <subfield code="e">20040709</subfield>
   <subfield code="h">354.940084 PU</subfield>
   <subfield code="p">00141969</subfield>
   <subfield code="q">00141969</subfield>
   <subfield code="t">LOAN</subfield>
   <subfield code="y">0</subfield>
   <subfield code="4">1</subfield>
  </datafield>
  <datafield tag="852" ind1=" " ind2=" ">
   <subfield code="a">INST</subfield>
   <subfield code="b">UNIPILB</subfield>
   <subfield code="c">MAIN</subfield>
   <subfield code="e">20040709</subfield>
   <subfield code="h">354.940084 PU</subfield>
   <subfield code="p">00142205</subfield>
   <subfield code="q">00142205</subfield>
   <subfield code="t">LOAN</subfield>
   <subfield code="y">0</subfield>
   <subfield code="4">1</subfield>
  </datafield>
  <datafield tag="856" ind1="4" ind2=" ">
   <subfield code="d">/webopac/covers/02/3865_0582710847.jpg</subfield>
   <subfield code="z">(v. 1)</subfield>
  </datafield>
  <datafield tag="856" ind1="4" ind2=" ">
   <subfield code="d">/webopac/covers/02/3865_0582710863.jpg</subfield>
   <subfield code="z">(v. 2)</subfield>
  </datafield>
 </record>
</collection>
